[Event "Steyr Landesliga 1920"]
[Site "Austria"]
[Date "2019.11.16"]
[Round "4.6"]
[White "Bratko, Alexander"]
[Black "Schriebl, Alexander"]
[Result "1-0"]
[WhiteElo "1888"]
[BlackElo "2006"]
[PlyCount "95"]
[EventDate "2019.09.28"]
[EventType "team-tourn"]
[EventRounds "11"]
[EventCountry "AUT"]
[SourceTitle "CBM 193 Extra"]
[Source "ChessBase"]
[SourceDate "2020.01.31"]
[SourceVersion "1"]
[SourceVersionDate "2020.01.31"]
[SourceQuality "1"]
[WhiteTeam "Baernbach"]
[BlackTeam "Graz Styria"]
[WhiteTeamCountry "AUT"]
[BlackTeamCountry "AUT"]

1. d4 Nf6 2. g3 e6 3. Bg2 c5 4. Nf3 Nc6 5. 0-0 cxd4 6. Nxd4 Nxd4 7. Qxd4 d5 8. c4 Be7 9. cxd5 exd5 10. Nc3 Be6 11. Rd1 0-0 12. Bxd5 Bxd5 13. Nxd5 Nxd5 14. Qxd5 Qxd5 15. Rxd5 Rfd8 16. Rxd8+ Rxd8 17. Be3 h6 18. Rc1 Bf6 19. b3 Rd7 20. Bxa7 Rd2 21. Rc8+ Kh7 22. Rb8 Rxa2 23. Rxb7 Rxe2 24. Rxf7 Rb2 25. Rb7 Kg6 26. b4 Kf5 27. b5 Ke4 28. Kg2 Kd5 29. Be3 Be5 30. b6 Kc6 31. Rf7 Rb3 32. Kh3 Rb1 33. Kg4 Rb3 34. Kf5 Rb5 35. Kg6 Rb3 36. Bf4 Bd4 37. b7 Rxb7 38. Rxb7 Kxb7 39. Bd6 Kc6 40. Bf8 Kd5 41. f4 Bg1 42. g4 Bxh2 43. f5 Ke5 44. Bxg7+ Kf4 45. Kh5 Bg1 46. Bxh6+ Kf3 47. f6 Bd4 48. f7 1-0

[Event "Steyr Landesliga 1819"]
[Site "Austria"]
[Date "2018.10.06"]
[Round "1.6"]
[White "Pretterhofer, Kiaras"]
[Black "Schriebl, Alexander"]
[Result "1/2-1/2"]
[WhiteElo "2009"]
[BlackElo "1992"]
[PlyCount "102"]
[EventDate "2018.10.06"]
[EventType "team-tourn"]
[EventRounds "11"]
[EventCountry "AUT"]
[SourceTitle "CBM 187 Extra"]
[Source "ChessBase"]
[SourceDate "2018.11.04"]
[SourceVersion "1"]
[SourceVersionDate "2018.11.04"]
[SourceQuality "1"]
[WhiteTeam "Graz Schachfreunde"]
[BlackTeam "Graz Styria"]
[WhiteTeamCountry "AUT"]
[BlackTeamCountry "AUT"]

1. e4 d5 2. exd5 Qxd5 3. Nc3 Qa5 4. d4 Nf6 5. Bc4 Bg4 6. Nf3 Nc6 7. h3 Bxf3 8. Qxf3 0-0-0 9. Be3 e6 10. 0-0-0 Be7 11. Kb1 Rhf8 12. Ne4 Qb4 13. Nd2 Nd5 14. Bxd5 Rxd5 15. Nb3 a5 16. Nc5 Bxc5 17. dxc5 Ne5 18. Qf4 Qxf4 19. Bxf4 Rxc5 20. Rhe1 Nc6 21. c3 h6 22. Rd3 Rd8 23. Rxd8+ Nxd8 24. Kc2 Nc6 25. Be3 Rd5 26. a3 b5 27. c4 bxc4 28. Kc3 Rb5 29. Re2 Ne7 30. Kxc4 Rb7 31. Bd4 g6 32. Bc3 Nd5 33. Bxa5 Nf4 34. Re4 g5 35. Bc3 Nxg2 36. Rg4 Nf4 37. h4 f5 38. Rg1 g4 39. a4 Nh3 40. Rf1 h5 41. Be5 Rb6 42. a5 Rc6+ 43. Kd3 Rc5 44. Bc3 Kb7 45. b4 Rd5+ 46. Kc4 c6 47. Re1 Nf4 48. Bd4 Ka6 49. Re3 Kb7 50. Re1 Ka6 51. Re3 Kb7 1/2-1/2

[Event "Steyr Landesliga 1718"]
[Site "Austria"]
[Date "2018.03.24"]
[Round "10.6"]
[White "Schriebl, Alexander"]
[Black "Schiestl, Josef"]
[Result "1-0"]
[WhiteElo "2065"]
[BlackElo "1772"]
[PlyCount "57"]
[EventDate "2017.09.30"]
[EventType "team-tourn"]
[EventRounds "11"]
[EventCountry "AUT"]
[SourceTitle "EXT 2021"]
[Source "ChessBase"]
[SourceDate "2020.10.23"]
[SourceVersion "1"]
[SourceVersionDate "2020.10.23"]
[SourceQuality "1"]
[WhiteTeam "Graz Styria"]
[BlackTeam "Spg ISR"]
[WhiteTeamCountry "AUT"]
[BlackTeamCountry "AUT"]

1. d4 Nf6 2. c4 e6 3. g3 d5 4. Bg2 Be7 5. Nf3 dxc4 6. 0-0 c6 7. Ne5 Nbd7 8. Nxc4 0-0 9. Nc3 Nd5 10. e4 N5b6 11. Qe2 Re8 12. Rd1 Nf8 13. Be3 f5 14. d5 exd5 15. exd5 Nxd5 16. Nxd5 Bc5 17. Ndb6 Bxb6 18. Rxd8 Bxd8 19. Nd6 Re6 20. Nxc8 Rxc8 21. Qc4 Bb6 22. Bxb6 axb6 23. h4 Kh8 24. Rd1 Rf6 25. a4 Ne6 26. Rd6 Re8 27. b4 f4 28. b5 fxg3 29. fxg3 1-0

[Event "Steyr Landesliga 1718"]
[Site "Austria"]
[Date "2018.02.03"]
[Round "8.6"]
[White "Kremshofer, Walter"]
[Black "Schriebl, Alexander"]
[Result "1/2-1/2"]
[WhiteElo "2023"]
[BlackElo "2065"]
[PlyCount "38"]
[EventDate "2017.09.30"]
[EventType "team-tourn"]
[EventRounds "11"]
[EventCountry "AUT"]
[SourceTitle "EXT 2019"]
[Source "ChessBase"]
[SourceDate "2018.10.10"]
[SourceVersion "1"]
[SourceVersionDate "2018.10.10"]
[SourceQuality "1"]
[WhiteTeam "Soechau"]
[BlackTeam "Graz Styria"]
[WhiteTeamCountry "AUT"]
[BlackTeamCountry "AUT"]

1. Nf3 Nf6 2. d4 d5 3. g3 g6 4. Bg2 Bg7 5. 0-0 0-0 6. c4 c6 7. Nc3 dxc4 8. a4 Bf5 9. Nh4 Bg4 10. h3 Be6 11. e4 Qc8 12. Kh2 Rd8 13. Be3 Na6 14. Nf3 Nc7 15. Qe2 a5 16. Ne5 Nfe8 17. Nxc4 Bxc4 18. Qxc4 Nd6 19. Qe2 Qe6 1/2-1/2

[Event "AUT-ch"]
[Site "Graz"]
[Date "2017.08.15"]
[Round "4"]
[White "Morgunov, Daniel"]
[Black "Schriebl, Alexander"]
[Result "1/2-1/2"]
[WhiteElo "2153"]
[BlackElo "2067"]
[PlyCount "134"]
[EventDate "2017.08.12"]
[EventType "swiss"]
[EventRounds "9"]
[EventCountry "AUT"]
[SourceTitle "CBM 180 Extra"]
[Source "ChessBase"]
[SourceDate "2017.10.06"]
[SourceVersion "1"]
[SourceVersionDate "2017.10.06"]
[SourceQuality "1"]

1. e4 d5 2. exd5 Qxd5 3. Nc3 Qa5 4. d4 Nf6 5. Nf3 Bf5 6. Ne5 c6 7. Bc4 e6 8. g4 Be4 9. 0-0 Bd5 10. Bd3 Nfd7 11. f4 Nxe5 12. fxe5 Be7 13. Bd2 Qd8 14. Qe2 0-0 15. Nxd5 cxd5 16. c3 Bg5 17. Bc2 Bxd2 18. Qxd2 Nc6 19. Qd3 g6 20. Rf6 Qb6 21. Rf2 Qd8 22. Qe3 Qh4 23. Qf4 Ne7 24. Rf3 g5 25. Qf6 Ng6 26. Bxg6 hxg6 27. h3 a5 28. Raf1 Rae8 29. a4 Qh6 30. Kg2 Qh4 31. b3 Qh6 32. c4 dxc4 33. bxc4 Rd8 34. Qe7 Rxd4 35. Rxf7 Rf4 36. Rxf8+ Qxf8 37. Qxe6+ Kg7 38. Rxf4 Qxf4 39. Qd7+ Kh6 40. Qd5 Qe3 41. Kf1 Qxh3+ 42. Ke1 Qe3+ 43. Kd1 Qg1+ 44. Ke2 Qxg4+ 45. Kd3 Qg3+ 46. Kd4 Qf2+ 47. Ke4 g4 48. e6 g3 49. Qd8 Qf5+ 50. Kd4 Qxe6 51. Qh4+ Kg7 52. Qxg3 Qb6+ 53. Kd5 Qc6+ 54. Kd4 b6 55. Qh2 Qc5+ 56. Kd3 g5 57. Qe2 Qd6+ 58. Kc3 Qa3+ 59. Kd4 Qc5+ 60. Kd3 Kf6 61. Qb2+ Kg6 62. Qe2 Qf5+ 63. Kc3 g4 64. Qe8+ Qf7 65. Qe4+ Qf5 66. Qe8+ Kg7 67. Qe7+ Kg6 1/2-1/2

[Event "Steyr Landesliga 1617"]
[Site "Austria"]
[Date "2016.10.29"]
[Round "3.5"]
[White "Toelly, Michael"]
[Black "Schriebl, Alexander"]
[Result "1/2-1/2"]
[WhiteElo "2064"]
[BlackElo "2054"]
[PlyCount "47"]
[EventDate "2016.10.01"]
[EventType "team-tourn"]
[EventRounds "11"]
[EventCountry "AUT"]
[SourceTitle "CBM 175 Extra"]
[Source "ChessBase"]
[SourceDate "2016.12.12"]
[SourceVersion "1"]
[SourceVersionDate "2016.12.12"]
[SourceQuality "1"]
[WhiteTeam "Fuerstenfeld/Hartberg"]
[BlackTeam "Styria"]
[WhiteTeamCountry "AUT"]
[BlackTeamCountry "AUT"]

1. e4 d5 2. exd5 Qxd5 3. Nc3 Qa5 4. d4 Nf6 5. Nf3 Bf5 6. Bd2 c6 7. Bc4 e6 8. Nd5 Qd8 9. Nxf6+ gxf6 10. c3 Nd7 11. Qe2 Nb6 12. Bb3 Qd7 13. Nh4 Bg6 14. Nxg6 hxg6 15. Bf4 Nd5 16. Bg3 Bd6 17. 0-0-0 0-0-0 18. Qf3 Bxg3 19. hxg3 f5 20. Bxd5 Qxd5 21. Qxd5 exd5 22. Rde1 Kd7 23. Kd2 Rde8 24. Rxe8 1/2-1/2

[Event "Graz op-A"]
[Site "Graz"]
[Date "2016.02.15"]
[Round "5"]
[White "Schriebl, Alexander"]
[Black "Kabos, Tobias"]
[Result "1-0"]
[WhiteElo "2091"]
[BlackElo "2317"]
[PlyCount "65"]
[EventDate "2016.02.12"]
[EventType "swiss"]
[EventRounds "9"]
[EventCountry "AUT"]
[SourceTitle "CBM 170 Extra"]
[Source "ChessBase"]
[SourceDate "2016.02.25"]
[SourceVersion "1"]
[SourceVersionDate "2016.02.25"]
[SourceQuality "1"]

1. d4 d6 2. Nf3 g6 3. c4 Bg7 4. Nc3 Bg4 5. d5 c5 6. Bd2 Nf6 7. e4 0-0 8. Be2 e6 9. 0-0 exd5 10. exd5 Bf5 11. Bf4 Na6 12. Bd3 Bc8 13. a3 Nc7 14. Qd2 a6 15. Rfe1 Rb8 16. b4 cxb4 17. axb4 b5 18. Nd4 Bb7 19. Bg5 Qd7 20. cxb5 axb5 21. Ra7 Nfxd5 22. Ndxb5 Nxc3 23. Nxc3 Rfe8 24. Ne4 Bxe4 25. Rxe4 Rxe4 26. Bxe4 Qe6 27. Bd3 Nd5 28. Bc4 Re8 29. Be3 Qe4 30. Qxd5 Qb1+ 31. Bf1 Rf8 32. b5 Be5 33. g3 1-0

[Event "Steyr Landesliga 1415"]
[Site "Austria"]
[Date "2015.02.07"]
[Round "7.7"]
[White "Polansek, Justin"]
[Black "Schriebl, Alexander"]
[Result "1/2-1/2"]
[WhiteElo "2060"]
[BlackElo "2057"]
[PlyCount "65"]
[EventDate "2014.09.27"]
[EventType "team-tourn"]
[EventRounds "11"]
[EventCountry "AUT"]
[SourceTitle "EXT 2016"]
[Source "ChessBase"]
[SourceDate "2015.10.08"]
[SourceVersion "1"]
[SourceVersionDate "2015.10.08"]
[SourceQuality "1"]
[WhiteTeam "Leibnitz Software"]
[BlackTeam "Graz Styria"]
[WhiteTeamCountry "AUT"]
[BlackTeamCountry "AUT"]

1. g3 d5 2. Bg2 Nf6 3. b3 g6 4. Bb2 Bg7 5. Nf3 0-0 6. 0-0 c5 7. d3 Nc6 8. Nbd2 Qc7 9. Rb1 Bf5 10. Re1 Rad8 11. Nh4 Bg4 12. h3 Bc8 13. e4 dxe4 14. Nxe4 Nd4 15. Nxf6+ exf6 16. Nf3 f5 17. Nxd4 cxd4 18. Qd2 Rfe8 19. Rxe8+ Rxe8 20. Re1 Rxe1+ 21. Qxe1 Be6 22. Qe2 h5 23. h4 f4 24. gxf4 Qxf4 25. Bxb7 Qxh4 26. Bc1 Qd8 27. Bf4 Qa5 28. a4 Qc5 29. Bg2 a5 30. Qd2 Kh7 31. Bf3 Qf5 32. Be4 Qc5 33. Bg2 1/2-1/2

[Event "Leitersdorf Region-ch"]
[Site "Leitersdorf"]
[Date "2015.01.06"]
[Round "5"]
[White "Schriebl, Alexander"]
[Black "Matosec, Thomas"]
[Result "1-0"]
[WhiteElo "2053"]
[BlackElo "2084"]
[PlyCount "71"]
[EventDate "2015.01.02"]
[EventType "swiss"]
[EventRounds "5"]
[EventCountry "AUT"]
[SourceTitle "CBM 164 Extra"]
[Source "ChessBase"]
[SourceDate "2015.03.02"]
[SourceVersion "1"]
[SourceVersionDate "2015.03.02"]
[SourceQuality "1"]

1. d4 d5 2. c4 e6 3. Nf3 Nf6 4. g3 Be7 5. Bg2 0-0 6. 0-0 dxc4 7. Qc2 b5 8. a4 b4 9. Qxc4 Ba6 10. Qc2 Nbd7 11. Rd1 Qc8 12. e4 c5 13. d5 exd5 14. exd5 Bd6 15. Nbd2 c4 16. Ne4 Nxe4 17. Qxe4 Re8 18. Qh4 c3 19. bxc3 Qxc3 20. Bd2 Qf6 21. Qxf6 Nxf6 22. Nd4 Bc4 23. Nb5 Be5 24. Rab1 a6 25. f4 Bb8 26. Nd4 Ba7 27. Bxb4 Rab8 28. d6 Be2 29. Rd2 a5 30. Kh1 Bg4 31. Nc6 Ne4 32. Nxb8 Nxd2 33. Bxd2 Bxb8 34. Bc6 Rc8 35. d7 Rd8 36. Bxa5 1-0

[Event "Graz Land-ch"]
[Site "Graz"]
[Date "2014.09.14"]
[Round "7"]
[White "Schriebl, Alexander"]
[Black "Frosch, Ronald"]
[Result "1/2-1/2"]
[WhiteElo "2057"]
[BlackElo "2218"]
[PlyCount "35"]
[EventDate "2014.09.08"]
[EventType "swiss"]
[EventRounds "7"]
[EventCountry "AUT"]
[SourceTitle "CBM 162 Extra"]
[Source "ChessBase"]
[SourceDate "2014.10.17"]
[SourceVersion "1"]
[SourceVersionDate "2014.10.17"]
[SourceQuality "1"]

1. d4 Nf6 2. c4 e6 3. g3 d5 4. Bg2 dxc4 5. Nf3 a6 6. 0-0 Nc6 7. Nc3 Bb4 8. e3 0-0 9. Qe2 Rb8 10. Qxc4 b5 11. Qe2 Bb7 12. Rd1 Qe7 13. e4 Bxc3 14. bxc3 Na5 15. Ne5 Rfd8 16. Bg5 h6 17. Bxf6 Qxf6 18. Nd3 1/2-1/2

[Event "Graz Land-ch"]
[Site "Graz"]
[Date "2014.09.11"]
[Round "4"]
[White "Stagl, Marco"]
[Black "Schriebl, Alexander"]
[Result "1/2-1/2"]
[WhiteElo "2132"]
[BlackElo "2057"]
[PlyCount "123"]
[EventDate "2014.09.08"]
[EventType "swiss"]
[EventRounds "7"]
[EventCountry "AUT"]
[SourceTitle "CBM 162 Extra"]
[Source "ChessBase"]
[SourceDate "2014.10.17"]
[SourceVersion "1"]
[SourceVersionDate "2014.10.17"]
[SourceQuality "1"]

1. c4 Nf6 2. Nf3 e6 3. d4 d5 4. e3 Be7 5. Nc3 0-0 6. Bd3 dxc4 7. Bxc4 c5 8. 0-0 cxd4 9. exd4 Nc6 10. Bg5 a6 11. Qe2 Nd5 12. Bxd5 exd5 13. Bxe7 Nxe7 14. Rfe1 Nc6 15. Qd2 Qd6 16. Ne5 Be6 17. Re3 Rac8 18. Rae1 Nxe5 19. dxe5 Qc5 20. Rg3 g6 21. Ne2 Qe7 22. Qh6 Rc4 23. a3 Re4 24. Qd2 Rxe5 25. Rf1 Bd7 26. Nd4 Rc8 27. Rc3 Rxc3 28. Qxc3 Re4 29. Qd2 Qe5 30. Nf3 Qf5 31. Rd1 Be6 32. h3 Qf4 33. Qxf4 Rxf4 34. Rd4 Rxd4 35. Nxd4 Kf8 36. Kf1 Ke7 37. Ke2 Kd6 38. b4 Bd7 39. Ke3 f5 40. h4 Ke5 41. f4+ Kd6 42. Nf3 h6 43. Kd4 b6 44. Ne5 Be8 45. g3 Ke6 46. Nf3 Ba4 47. Ne5 Be8 48. Nd3 Bb5 49. Nc1 Ba4 50. Ne2 Kd6 51. Nc3 Bc6 52. Nd1 Be8 53. Nf2 Bb5 54. Nd1 Be8 55. Ne3 Bc6 56. h5 gxh5 57. Nxf5+ Ke6 58. Ne3 Bb7 59. a4 Bc6 60. a5 bxa5 61. bxa5 Ba8 62. Kc5 1/2-1/2

[Event "Graz Land-ch"]
[Site "Graz"]
[Date "2014.09.09"]
[Round "2"]
[White "Aschenbrenner, Robert"]
[Black "Schriebl, Alexander"]
[Result "1-0"]
[WhiteElo "2235"]
[BlackElo "2057"]
[PlyCount "28"]
[EventDate "2014.09.08"]
[EventType "swiss"]
[EventRounds "7"]
[EventCountry "AUT"]
[SourceTitle "CBM 162 Extra"]
[Source "ChessBase"]
[SourceDate "2014.10.17"]
[SourceVersion "1"]
[SourceVersionDate "2014.10.17"]
[SourceQuality "1"]

1. d4 d5 2. c4 Nc6 3. Nc3 dxc4 4. Nf3 e6 5. e3 Nf6 6. Bxc4 Be7 7. 0-0 0-0 8. a3 Na5 9. Ba2 b6 10. b4 Nb7 11. e4 c6 12. Ne5 Bd7 13. Qb3 Be8 14. Rd1 Rc8 1-0

[Event "Ratten op 21st"]
[Site "Ratten"]
[Date "2014.06.01"]
[Round "5"]
[White "Schriebl, Alexander"]
[Black "Galyas, Miklos"]
[Result "0-1"]
[WhiteElo "2078"]
[BlackElo "2441"]
[PlyCount "46"]
[EventDate "2014.05.29"]
[EventType "swiss"]
[EventRounds "5"]
[EventCountry "AUT"]
[SourceTitle "CBM 160 Extra"]
[Source "ChessBase"]
[SourceDate "2014.07.01"]
[SourceVersion "1"]
[SourceVersionDate "2014.07.01"]
[SourceQuality "1"]

1. d4 d5 2. c4 c6 3. Nf3 Nf6 4. Nc3 a6 5. e3 b5 6. b3 Bg4 7. Be2 e6 8. Bb2 Nbd7 9. 0-0 Bd6 10. h3 Bf5 11. Nd2 0-0 12. f3 Bg6 13. f4 b4 14. Na4 Ne4 15. Nxe4 Bxe4 16. Bc1 Qe7 17. c5 Bc7 18. Bd2 a5 19. Be1 g5 20. Bf3 f5 21. Bxe4 fxe4 22. Qg4 Kh8 23. Bh4 gxh4 0-1

[Event "Ratten op 21st"]
[Site "Ratten"]
[Date "2014.05.31"]
[Round "4"]
[White "Sprotte, Norbert"]
[Black "Schriebl, Alexander"]
[Result "0-1"]
[WhiteElo "2190"]
[BlackElo "2078"]
[PlyCount "144"]
[EventDate "2014.05.29"]
[EventType "swiss"]
[EventRounds "5"]
[EventCountry "AUT"]
[SourceTitle "CBM 160 Extra"]
[Source "ChessBase"]
[SourceDate "2014.07.01"]
[SourceVersion "1"]
[SourceVersionDate "2014.07.01"]
[SourceQuality "1"]

1. d4 f5 2. g3 Nf6 3. Bg2 g6 4. Nh3 Bg7 5. c3 0-0 6. Nd2 e6 7. Nf4 c6 8. 0-0 d5 9. Nf3 Qe8 10. Nd3 Nbd7 11. Bf4 Ne4 12. Nfe5 Nxe5 13. Bxe5 Bxe5 14. Nxe5 Nd6 15. f4 Kg7 16. Qb3 Qd8 17. Qb4 Re8 18. a4 Nf7 19. Nf3 a5 20. Qb3 b6 21. Qc2 Ba6 22. Rfd1 Qe7 23. b3 c5 24. Qb2 cxd4 25. cxd4 Rac8 26. Kf2 Qb4 27. Rdc1 Nd6 28. Ne5 Nc4 29. Qa2 Nxe5 30. dxe5 Rc5 31. Rxc5 Qxc5+ 32. Kf1 Rc8 33. Qb2 Qe3 34. Rd1 Rc3 35. Qd2 Rxb3 36. Qxe3 Rxe3 37. Rb1 Bxe2+ 38. Kf2 d4 39. Rxb6 Bc4 40. Bf1 Bd5 41. Rb2 Rf3+ 42. Ke1 Ra3 43. Bb5 g5 44. fxg5 Kg6 45. h4 Rxg3 46. Be8+ Kg7 47. Rh2 Kf8 48. Bb5 Ke7 49. Kf2 Rf3+ 50. Ke2 Ra3 51. Kf2 f4 52. h5 Kf7 53. Rh4 Ra2+ 54. Ke1 Ra1+ 55. Kf2 Ra2+ 56. Ke1 f3 57. Rf4+ Kg7 58. Rxd4 Rg2 59. h6+ Kf7 60. Bd3 Rxg5 61. Bxh7 Rxe5+ 62. Kf2 Re2+ 63. Kg1 Rg2+ 64. Kf1 Rh2 65. Be4 Bxe4 66. Rxe4 Rxh6 67. Re5 Kf6 68. Rxa5 Rh2 69. Ra8 Kf5 70. a5 Kf4 71. Rb8 Ra2 72. Rb4+ Kg3 0-1

[Event "Ratten op 21st"]
[Site "Ratten"]
[Date "2014.05.29"]
[Round "1"]
[White "Schriebl, Alexander"]
[Black "Huber, Martin Christian"]
[Result "1/2-1/2"]
[WhiteElo "2078"]
[BlackElo "2283"]
[PlyCount "67"]
[EventDate "2014.05.29"]
[EventType "swiss"]
[EventRounds "5"]
[EventCountry "AUT"]
[SourceTitle "CBM 160 Extra"]
[Source "ChessBase"]
[SourceDate "2014.07.01"]
[SourceVersion "1"]
[SourceVersionDate "2014.07.01"]
[SourceQuality "1"]

1. d4 Nf6 2. c4 g6 3. Nc3 d5 4. cxd5 Nxd5 5. e4 Nxc3 6. bxc3 Bg7 7. Be3 c5 8. Nf3 Qa5 9. Qd2 Nc6 10. Rc1 cxd4 11. cxd4 Qxd2+ 12. Kxd2 0-0 13. Bb5 Rd8 14. Bxc6 bxc6 15. Rxc6 Bb7 16. Rc7 Bxe4 17. Rxe7 Bd5 18. Rc1 a5 19. Ke2 Bxa2 20. Ne5 Bf8 21. Rec7 Bd6 22. R7c3 Bd5 23. g3 Kg7 24. h4 Re8 25. Kd3 a4 26. Nd7 Bb4 27. Rc7 Ba5 28. R7c5 Bb7 29. d5 Ba6+ 30. Kd4 Bb4 31. Rc6 Ba3 32. R1c2 Bb5 33. Rc7 Rad8 34. Nc5 1/2-1/2

[Event "AUT-chT2M 1213"]
[Site "Austria"]
[Date "2013.03.23"]
[Round "7.3"]
[White "Schriebl, Alexander"]
[Black "Schmidt, Peter"]
[Result "0-1"]
[WhiteElo "2086"]
[BlackElo "2386"]
[PlyCount "114"]
[EventDate "2012.10.19"]
[EventType "team-tourn"]
[EventRounds "11"]
[EventCountry "AUT"]
[SourceTitle "EXT 2014"]
[Source "ChessBase"]
[SourceDate "2013.11.20"]
[SourceVersion "1"]
[SourceVersionDate "2013.11.20"]
[SourceQuality "1"]
[WhiteTeam "Graz Styria"]
[BlackTeam "Sauwald"]
[WhiteTeamCountry "AUT"]
[BlackTeamCountry "AUT"]

1. d4 d6 2. Nf3 Nf6 3. c4 g6 4. Nc3 Bf5 5. g3 Ne4 6. Nxe4 Bxe4 7. Bg2 Bg7 8. 0-0 0-0 9. Qb3 Nc6 10. e3 Na5 11. Qa4 c5 12. Bd2 b6 13. Bxa5 bxa5 14. Rad1 Qb6 15. dxc5 dxc5 16. Ne1 Bxg2 17. Kxg2 Rfd8 18. Rxd8+ Rxd8 19. b3 Qb4 20. Qxb4 axb4 21. Nf3 Rd3 22. Rc1 Bb2 23. Rc2 Bc3 24. Ng5 Be5 25. Ne4 Bd6 26. Rd2 Rxd2 27. Nxd2 f5 28. Kf3 Kf7 29. Ke2 Kf6 30. h3 e6 31. Kd3 g5 32. g4 h5 33. f3 Bg3 34. Nf1 h4 35. gxf5 exf5 36. Nxg3 hxg3 37. Ke2 Kg6 38. Kf1 Kh5 39. Kg2 Kh4 40. e4 fxe4 41. fxe4 g4 42. hxg4 Kxg4 43. e5 Kf5 44. Kxg3 Kxe5 45. Kf3 Kd4 46. Kf4 a5 47. Kf5 Kc3 48. Ke5 Kb2 49. Kd6 Kxa2 50. Kxc5 a4 51. bxa4 b3 52. a5 b2 53. a6 b1Q 54. Kc6 Qb8 55. c5 Qc8+ 56. Kb6 Kb3 57. Ka7 Qxc5+ 0-1

[Event "Steyr Landesliga 1213"]
[Site "Austria"]
[Date "2013.03.16"]
[Round "8.7"]
[White "Wagner, Oliver"]
[Black "Schriebl, Alexander"]
[Result "0-1"]
[WhiteElo "2038"]
[BlackElo "2086"]
[PlyCount "128"]
[EventDate "2012.09.22"]
[EventType "team-tourn"]
[EventRounds "11"]
[EventCountry "AUT"]
[SourceTitle "EXT 2014"]
[Source "ChessBase"]
[SourceDate "2013.11.20"]
[SourceVersion "1"]
[SourceVersionDate "2013.11.20"]
[SourceQuality "1"]
[WhiteTeam "Leoben"]
[BlackTeam "Graz Styria"]
[WhiteTeamCountry "AUT"]
[BlackTeamCountry "AUT"]

1. d4 Nf6 2. Nf3 d5 3. e3 g6 4. Bd3 Bg7 5. 0-0 0-0 6. Ne5 Nbd7 7. f4 c5 8. b3 cxd4 9. exd4 Qb6 10. Bb2 Nxe5 11. fxe5 Ng4 12. Qf3 Nxe5 13. Qxd5 Nxd3 14. cxd3 Be6 15. Qe4 Rad8 16. Rf4 Bf5 17. Qe2 Rxd4 18. Rf2 Bxd3 19. Qd2 Bxb1 20. Bxd4 Bxd4 21. Rxb1 Bxf2+ 22. Qxf2 Qxf2+ 23. Kxf2 Rc8 24. Rb2 Kg7 25. Rd2 Rc7 26. Ke3 f5 27. g3 Kf6 28. h4 Rc3+ 29. Kf2 b5 30. Rd5 b4 31. Rb5 Rc2+ 32. Kf3 Rxa2 33. Rxb4 Rb2 34. g4 h6 35. Rb5 a5 36. gxf5 gxf5 37. Kf4 e6 38. h5 e5+ 39. Kf3 Kg5 40. Ke3 Kxh5 41. Rxe5 Kg4 42. Rxa5 f4+ 43. Kd3 Rxb3+ 44. Ke2 h5 45. Kf2 Rb2+ 46. Kg1 h4 47. Ra8 h3 48. Rg8+ Kf3 49. Rh8 Rb1+ 50. Kh2 Kf2 51. Rxh3 f3 52. Rh8 Rb6 53. Rh7 Rg6 54. Rh8 Kf1 55. Ra8 Re6 56. Kg3 f2 57. Ra1+ Re1 58. Ra2 Re3+ 59. Kh2 Re7 60. Ra1+ Ke2 61. Ra2+ Kf3 62. Ra3+ Re3 63. Ra1 Re1 64. Ra3+ Ke4 0-1

[Event "Leitersdorf Region-ch"]
[Site "Leitersdorf"]
[Date "2013.01.02"]
[Round "1"]
[White "Schriebl, Alexander"]
[Black "Essich, Guenther"]
[Result "1-0"]
[WhiteElo "2086"]
[BlackElo "1655"]
[PlyCount "41"]
[EventDate "2013.01.02"]
[EventType "swiss"]
[EventRounds "5"]
[EventCountry "AUT"]
[SourceTitle "CBM 152 Extra"]
[Source "ChessBase"]
[SourceDate "2013.02.25"]
[SourceVersion "1"]
[SourceVersionDate "2013.02.25"]
[SourceQuality "1"]

1. d4 Nf6 2. c4 e5 3. dxe5 Ng4 4. e4 Nxe5 5. f4 Bb4+ 6. Nc3 Bxc3+ 7. bxc3 Ng6 8. Nf3 d6 9. Be2 Nd7 10. 0-0 0-0 11. Qc2 b6 12. Be3 Bb7 13. Rae1 Re8 14. Bd3 Nc5 15. Bxc5 dxc5 16. e5 Nxf4 17. Bxh7+ Kh8 18. Qf5 Nxg2 19. Ng5 Rf8 20. Bg8 g6 21. Qh3+ 1-0

[Event "Steyr Landesliga 1112"]
[Site "Austria"]
[Date "2012.02.18"]
[Round "9.7"]
[White "Wallner, Walter"]
[Black "Schriebl, Alexander"]
[Result "1/2-1/2"]
[WhiteElo "2032"]
[BlackElo "2080"]
[PlyCount "123"]
[EventDate "2011.09.24"]
[EventType "team-tourn"]
[EventRounds "11"]
[EventCountry "AUT"]
[SourceTitle "EXT 2013"]
[Source "ChessBase"]
[SourceDate "2012.11.22"]
[SourceVersion "1"]
[SourceVersionDate "2012.11.22"]
[SourceQuality "1"]
[WhiteTeam "Gleisdorf"]
[BlackTeam "Graz Styria"]
[WhiteTeamCountry "AUT"]
[BlackTeamCountry "AUT"]

1. e4 d5 2. exd5 Nf6 3. Bb5+ Bd7 4. Bc4 b5 5. Bb3 a5 6. a4 bxa4 7. Bxa4 Bxa4 8. Rxa4 Qxd5 9. Nf3 e6 10. Nc3 Qc6 11. 0-0 Bb4 12. Ne5 Qb7 13. Qe2 0-0 14. Qb5 Qa6 15. Nd3 Nc6 16. Qxa6 Rxa6 17. Na2 Rb6 18. Ndxb4 axb4 19. b3 Nd7 20. d4 Nxd4 21. Be3 e5 22. Bxd4 exd4 23. Rxb4 c5 24. Rxb6 Nxb6 25. Rd1 Ra8 26. Nc1 Ra1 27. Kf1 Nd5 28. Re1 f6 29. Nd3 Ra2 30. Nxc5 Rxc2 31. Ne4 d3 32. Rd1 Nb4 33. f3 Kf7 34. Nf2 Rc3 35. Rb1 Ke6 36. Nd1 Rc2 37. Ra1 Nd5 38. Ra6+ Ke5 39. Ra4 f5 40. g3 g5 41. h4 h6 42. hxg5 hxg5 43. Ke1 Re2+ 44. Kf1 Ne3+ 45. Nxe3 Rxe3 46. Kf2 Re2+ 47. Kf1 Rh2 48. Ke1 Rg2 49. f4+ gxf4 50. gxf4+ Kd5 51. Kd1 Rb2 52. Rb4 Ra2 53. Kc1 Rc2+ 54. Kd1 Rg2 55. Kc1 Re2 56. Kd1 Rc2 57. Ra4 Kc5 58. Ra5+ Kb4 59. Rxf5 Kxb3 60. Rf8 Rf2 61. Rc8 Rxf4 62. Kd2 1/2-1/2